ईशादि नौ उपनिषद्: शाšरभाष्यार्थ (Record no. 1235539)

MARC details
000 -LEADER
fixed length control field 00651nam a2200217Ia 4500
005 - DATE AND TIME OF LATEST TRANSACTION
control field 20250108125040.0
008 - FIXED-LENGTH DATA ELEMENTS--GENERAL INFORMATION
fixed length control field 008 250107s9999 xx 000 0 hin d
020 ## - INTERNATIONAL STANDARD BOOK NUMBER
International Standard Book Number 978-93-91045-92-0
037 ## - SOURCE OF ACQUISITION
Stock number TB
040 ## - CATALOGING SOURCE
Original cataloging agency CRL
Language of cataloging hin
Transcribing agency CRL
041 ## - LANGUAGE CODE
Language code of text/sound track or separate title hin
Source of code hin
084 ## - COLON CLASSIFICATION NUMBER
Classification number R65,6:g 152Q2
084 ## - COLON CLASSIFICATION NUMBER
Assigning agency CRL
245 #0 - TITLE STATEMENT
Title ईशादि नौ उपनिषद्: शाšरभाष्यार्थ
260 ## - PUBLICATION, DISTRIBUTION, ETC.
Place of publication, distribution, etc. गोरखपुर, भारत
Name of publisher, distributor, etc. गीताप्रेस
Date of publication, distribution, etc. 3151
300 ## - PHYSICAL DESCRIPTION
Extent 1360पृ0
365 ## - TRADE PRICE
Price type code INR
Price amount 520
650 ## - SUBJECT ADDED ENTRY--TOPICAL TERM
Topical term or geographic name entry element धर्म
942 ## - ADDED ENTRY ELEMENTS (KOHA)
Koha item type Textbook
Classification part R65,6:g 152Q2
Holdings
Withdrawn status Lost status Damaged status Not for loan Home library Current library Date acquired Source of acquisition Cost, normal purchase price Total Checkouts Full call number Barcode Date last seen Date last checked out Price effective from Koha item type
        Central Library Arts Library 2025-01-08 Gift, 28/09/2023, 520.00 6 Q1:24x 152Q0 CL1699159 2026-04-01 2026-03-19 2025-01-08 Textbook
Copyright @ Delhi University Library System